| 000 | 00546nam a2200181Ia 4500 | ||
|---|---|---|---|
| 999 |
_c8029 _d8029 |
||
| 003 | OSt | ||
| 005 | 20200116155757.0 | ||
| 008 | 190216s9999||||xx |||||||||||||| ||und|| | ||
| 020 | _a9780070090170 | ||
| 020 | _a0070090173 | ||
| 040 | _coclc | ||
| 082 |
_a658.1511 _bVIJ/A |
||
| 100 |
_aVijayakumar, T _91213 |
||
| 245 | 0 |
_aAccounting For Management / _cT Vijayakumar |
|
| 260 |
_bMc Graw Hill Education (india) Private Limited, _c2013. _aNew Delhi: |
||
| 300 | _a890p | ||
| 942 |
_cBK _2ddc _h658.1511 _iVIJ/A _k658.1511 _mVIJ/A |
||